[Event "CRO-chT2 East"]
[Site "Osijek"]
[Date "2013.05.11"]
[Round "4.25"]
[White "Radmanovic, Danijel"]
[Black "Jovanovic, Radivoje"]
[Result "1-0"]
[WhiteElo "1994"]
[BlackElo "1822"]
[PlyCount "45"]
[EventDate "2013.04.20"]
[EventType "team-tourn"]
[EventRounds "11"]
[EventCountry "CRO"]
[SourceTitle "EXT 2023"]
[Source "ChessBase"]
[SourceDate "2022.10.05"]
[SourceVersion "1"]
[SourceVersionDate "2022.10.05"]
[SourceQuality "1"]

1. e4 e5 2. d4 exd4 3. Bc4 Nc6 4. Nf3 h6 5. 0-0 d6 6. c3 Ne5 7. Nxe5 dxe5 8. Qb3 Qe7 9. f4 c6 10. fxe5 Be6 11. Bxe6 fxe6 12. cxd4 0-0-0 13. Be3 h5 14. Nc3 Nh6 15. Kh1 Ng4 16. Bg1 Re8 17. d5 exd5 18. exd5 Nxe5 19. dxc6 bxc6 20. Qa4 Qc7 21. Nd5 Qb7 22. Bxa7 cxd5 23. Qxe8+ 1-0

[Event "CRO-chT4A Center"]
[Site "Zagreb"]
[Date "2010.10.10"]
[Round "7.16"]
[White "Ivanda, Zivko"]
[Black "Radmanovic, Danijel"]
[Result "0-1"]
[WhiteElo "1864"]
[BlackElo "1891"]
[PlyCount "152"]
[EventDate "2010.03.21"]
[EventType "team-tourn"]
[EventRounds "11"]
[EventCountry "CRO"]
[SourceTitle "EXT 2012"]
[Source "ChessBase"]
[SourceDate "2011.11.24"]
[SourceVersion "1"]
[SourceVersionDate "2011.11.24"]
[SourceQuality "1"]

1. e4 e6 2. d4 d5 3. e5 c5 4. c3 Nc6 5. Nf3 Qb6 6. a3 c4 7. Be2 Na5 8. Nbd2 Ne7 9. 0-0 Bd7 10. Rb1 Qc7 11. Re1 h6 12. Qc2 Rc8 13. Nf1 Nb3 14. Bd1 Nc6 15. Qe2 b5 16. Bc2 a5 17. Bxb3 cxb3 18. N3d2 b4 19. Nxb3 Na7 20. axb4 axb4 21. cxb4 Bxb4 22. Bd2 Bxd2 23. Nfxd2 0-0 24. Nc5 Bb5 25. Qe3 Nc6 26. Rec1 Ra8 27. h3 Ra2 28. Qb3 Qa5 29. Qc3 Rb8 30. Ndb3 Qb4 31. Ra1 Rxa1 32. Rxa1 Bc4 33. Ra3 Rc8 34. Nd2 Qxc3 35. Rxc3 Nxd4 36. Kh2 Rxc5 37. b3 Ne2 38. Rc2 Nd4 39. Rc3 Nxb3 40. Nxb3 Rb5 41. Nd4 Rb2 42. Kg3 Rd2 43. Nf3 Rd3 44. Rc2 f6 45. Kh2 Kf8 46. Rc1 Ke7 47. Ra1 fxe5 48. Nxe5 Rd2 49. f4 Kd6 50. Ra8 Bf1 51. Kg1 Bxg2 52. Nc4+ dxc4 53. Rd8+ Kc5 54. Rxd2 Bxh3 55. Kf2 Bf5 56. Ke3 c3 57. Rd8 c2 58. Kd2 g5 59. fxg5 hxg5 60. Rg8 g4 61. Rd8 Kc4 62. Rd6 g3 63. Rd8 g2 64. Rg8 Be4 65. Rg3 Kd4 66. Rg5 Kc4 67. Rg4 Kd5 68. Rg5+ Kd6 69. Kc1 Ke7 70. Rg4 Kf6 71. Kd2 Kf5 72. Rg8 Kf4 73. Rg7 Kf3 74. Rg8 Kf2 75. Rf8+ Bf5 76. Rg8 g1Q 0-1